000 00533nam a2200217Ia 4500
003 OSt
005 20220928144002.0
006 a|||||r|||| 00| 0
007 ta
008 220927b |||||||| |||| 00| 0 eng d
024 _a23402
037 _cTextual
040 _aSDCL
_cSDCL
_beng
041 _2eng
_aeng
082 _aO122,3N13,1, 152L7
100 _aKamu Aalbeyar
_9506265
245 0 _aPatan.
260 _c1977
942 _hO122,3N13,1, 152L7
_cTEXL
_2CC
999 _c825348
_d825348